Statistics for Capital cities with same 1st letter as their country name***

Click here to take the quiz!

General Stats

  • This quiz has been taken 51 times
  • The average score is 7 of 18

Answer Stats

Answer% Correct
Brasília
82%
Stockholm
72%
Algiers
64%
Tunis
59%
Brussels
54%
Taipei
51%
Belmopan
46%
Seoul
46%
Georgetown
36%
Niamey
36%
Bridgetown
31%
Malé
31%
Sri Jayawardenepura Kotte
26%
Bujumbura
21%
Port Moresby
21%
Bandar Seri Begawan
18%
Maputo
18%
Majuro
15%

Score Distribution

Percentile by Number Answered

Percent of People with Each Score

Your Score History

You have not taken this quiz